1575 1198 1483 1321 1702 1791 1815 1117 1873 1138 1349 1606 1718 1004 1877 1903 1209 1593 1313 1081 1013 1008 1119 1198 1949 1594 1918 1386 1364 1790 1625 1692 1794 1527 1199 1122 1480 1041 1256 1591 1577 1503 1384 1128 1281 1989 1612 1740 1966 1513 1876 1378 1767 1955 1660 1229 1731 1732 1622 1864 1780 1809 1533 1797 1816 1665 1945 1047 1463 1734 1549 1360 1696 1395 1953 1220 1110 1123 1578 1142 1228 1085 1850 1884 1136 1435 1581 1965 1888 1594 1618 1573 1844 1371 1615 1816 1321 1016 1034 BCNSPRNW ULIB Ver.6.0+V

เปลี่ยนเป็นภาษาไทย

Change to English
 แสดงรายละเอียดบรรณานุกรม
  กลับหน้าหลัก

Brief Record : Get Marc (ISO 2709) : E-mail record : QR code < ปิดหน้าต่าง
LEADER : 00000nam a2200000Ia 4500
001    13399125501
003     ULIB
008    160804s2559 th 000 0 tha d
020    ^a9789741959686
040    ^abpy
060 04 ^aQV737^bธ666s
100 0  ^aธีระพงษ์ ศรีศิลป์
245 10 ^aShort note pharmacotherapy โรคในร้านยา ฉบับปรับปรุง พ.ศ. 2559/^cเรียบเรียงโดย ธีระพงษ์ ศรีศิลป์
246 30 ^aโรคในร้านยา
250    ^aพิมพ์ครั้งที่ 1
260    ^aมหาสารคาม :^bคณะเภสัชศาสตร์ มหาวิทยาลัยมหาสารคาม,^c2559
300    ^a188 หน้า ;^c21 ซม.
650  2 ^aCommunity Pharmacy Services
650  2 ^aDrugs^xtherapeutic use
650  2 ^aDrug Therapy
650  4 ^aร้านขายยา
650  4 ^aโรค^xการรักษาด้วยยา
650  4 ^aการรักษาด้วยยา
650  4 ^aยา^xการใช้รักษา
710 2  ^aมหาวิทยาลัยมหาสารคาม.^bคณะเภสัชศาสตร์
945    ^p180^l0^i25146
945    ^p180^l0^i25147
995    ^aกัณชพร
999    ^aกัณชพร
รายการนี้ยังไม่มีแท็ก
คุณยังไม่ได้ล็อกอิน คุณสามารถมีกิจกรรมร่วมกับเว็บไซต์ได้ แต่ต้องล็อกอินก่อน ::
  ล็อกอิน

รายการสื่อสารสนเทศ

ลำดับที่ ประเภท เลขเรียก/บาร์โค้ด สถานที่ สถานะ
1. หนังสือสำรอง
หนังสือสำรอง
สถานะ=หนังสือเก่า
QV737 ธ666s ฉ.1 
  Barcode: 25146
ห้องสมุดวิทยาเขตนครสวรรค์
►ส่วนจัดเก็บหนังสือเก่า นว.
บนชั้น
  ขอยืม
2. วิทยาศาสตร์การแพทย์ และสุขภาพ
วิทยาศาสตร์การแพทย์ และสุขภาพ
สถานะ=หนังสือเก่า
QV737 ธ666s ฉ.2 
  Barcode: 25147
ห้องสมุดวิทยาเขตนครสวรรค์
►ส่วนจัดเก็บหนังสือเก่า นว.
บนชั้น
  ขอยืม

รายการใกล้เคียง
    ผู้แต่ง [ธีระพงษ์ ศรีศิลป์]

    หัวเรื่อง [Community Pharmacy Services]
    หัวเรื่อง [Drug Therapy]
    หัวเรื่อง [ร้านขายยา]
    หัวเรื่อง [การรักษาด้วยยา]

BibComment


ยังไม่เคยถูกคอมเมนท์

คอมเมนท์ทรัพยากรรายการนี้
  คอมเมนท์: Short note pharm..


 Copyright 2026. Bcnsprnw @Library